000 00404nam a2200181Ia 4500
001 13553
005 20260306164809.0
008 260306t2012||||xx |||||||||||||| ||spa||
041 _aESP
082 _a004.6
_bT19 2012
100 _aTanenbaum, Andrew S.
_eAUT
245 0 _aRedes de computadoras
260 _c2012
300 _a
_c
650 _aGEN
654 _aCCC
942 _cLIB
_dJUS
_fJUS
_2ddc
_n
999 _c13553
_d13553